000 00826cam a22002654a 4500
001 14225073
005 20180208031045.0
008 060111s2007 nyua b 001 0 eng
010 _a 2005035606
020 _a1418011339
020 _a9781418011338
035 _a(OCoLC)ocm62888143
040 _aDLC
_cDLC
_dBAKER
_dC#P
_dDLC
041 _aeng
042 _apcc
080 _a372.21 MIL
082 0 0 _a372.21 MIL
_222
100 1 _a48
101 _aEDU
245 1 0 _aBeginning essentials in early childhood education /
_cAnn Miles Gordon, Kathryn Williams Browne.
504 _aIncludes bibliographical references and index.
906 _a7
_bcbc
_corignew
_d1
_eecip
_f20
_gy-gencatlg
942 _2ddc
_cBK
999 _c42046
_d42046